Ser o no ser = To Be or Not to Be /
Rodada un año después de que Estados Unidos entrara al conflicto armado durante la Segunda Guerra Mundial, esta cinta ofrece tanto un homenaje al teatro y a sus actores como una sátira al régimen nazi. Se trata de una comedia en que una compañía teatral en la Varsovia ocupada por los alemanes se ve...
Guardat en:
| Autor principal: | |
|---|---|
| Altres autors: | , , |
| Format: | |
| Idioma: | anglès |
| Col·lecció: | (Cine Clásico. 100 Películas Inolvidables Discos Continental)
|
| Matèries: | |
| Etiquetes: |
Sense etiquetes, Sigues el primer a etiquetar aquest registre!
|
MARC
| LEADER | 00000ngm^a2200000^a^4500 | ||
|---|---|---|---|
| 001 | 000352120 | ||
| 005 | 20250521000000.0 | ||
| 009 | 20260526141604.666 | ||
| 037 | |a Acervo ITESO - Biblioteca | ||
| 041 | |a ING | ||
| 082 | |a 810. |b LUB | ||
| 100 | |a Lubitsch, Ernst |e (realización) | ||
| 245 | 1 | 0 | |a Ser o no ser = |b To Be or Not to Be / |c Realización de E. Lubitsch. |
| 264 | 2 | |a México : |b Discos Continental [distribución], |c fecha no identificada | |
| 300 | |a 1 DVD multirregión |c (99 min.) | ||
| 336 | |a imagen móvil bidimensional |b tdi |2 rdacontenido | ||
| 337 | |a video |b v |2 rdamedio | ||
| 338 | |a videodisco |b vd |2 rdasoporte | ||
| 440 | 1 | |a (Cine Clásico. |p 100 Películas Inolvidables Discos Continental) | |
| 520 | |a Rodada un año después de que Estados Unidos entrara al conflicto armado durante la Segunda Guerra Mundial, esta cinta ofrece tanto un homenaje al teatro y a sus actores como una sátira al régimen nazi. Se trata de una comedia en que una compañía teatral en la Varsovia ocupada por los alemanes se ve forzada a montar Hamlet en vez de sus características obras en contra del nazismo; con sus habilidades actorales, además, se harán pasar por miembros de la SS para evitar que se entregue al alto mando de la Gestapo una lista de los miembros de la resistencia polaca. | ||
| 546 | |a En inglés, con subtítulos opcionales: español | ||
| 649 | |a XX | ||
| 650 | |a Cineastas Alemanes | ||
| 650 | |a Sátira | ||
| 650 | |a Películas Bélicas | ||
| 650 | |a Comedias Cinematográficas | ||
| 650 | |a Cine Norteamericano - |y 1940-1949 | ||
| 650 | |a Cine Norteamericano - |y Siglo XX | ||
| 650 | |a Cine en Blanco y Negro - |z EUA | ||
| 650 | |a Impostores e Impostura | ||
| 650 | |a Identidad Personal | ||
| 650 | |a Teatro en el Cine | ||
| 650 | |a Resistencia Civil - |z Varsovia, Polonia | ||
| 650 | |a Nazismo - |z Varsovia, Polonia | ||
| 650 | |a Guerra Mundial (Segunda), 1939-1945 - |x Aspectos Sociales y Culturales | ||
| 650 | |a Polonia - |x Historia - |y Ocupación, 1939-1945 | ||
| 700 | |a Lombard, Carole |e (actuación) | ||
| 700 | |a Benny, Jack |e (actuación) | ||
| 700 | |a Stack, Robert |e (actuación) | ||
| 910 | |a Fondo General | ||
| 920 | |a Audiovisuales - DVDs | ||
| 940 | |a Películas | ||
| 905 | |a 302 | ||
| 901 | |a 0500243259 |b IT2 |c DVS |i C143229 |u 20250521 | ||
| 902 | |a https://opac.biblio.iteso.mx/vufind/Record/000352120 | ||